000 00440nam a2200181Ia 4500
008 131103s9999 xx 000 0 und d
040 _aLoreto College
041 _aEnglish
082 _a922/MIC
_bLCLIB
100 _aLappin, Peter
245 _aGeneral Mickey
_cPeter Lappin
260 _aNew York
_bsalesiana
_c1952
300 _a176p.
_c 18cm.
650 _aMickey
651 _aBiography
850 _aLCLIB/922/MIC
942 _cBK
999 _c25375
_d75854